| 000 | 00554nam a2200193 a 4500 | ||
|---|---|---|---|
| 005 | 20210223125933.0 | ||
| 008 | 060524s2004 mx r 000 0 spa d | ||
| 020 | _a9870003516 | ||
| 035 | _aUPN01000144682 | ||
| 049 | _aCG | ||
| 050 | 4 |
_aRC489 D3 _bF8.6 |
|
| 100 | 1 | _aFux, María | |
| 245 | 1 | 0 |
_aQué es la danzaterapia : _bpreguntas que tienen respuesta / _cMaría Fux. |
| 260 |
_aBuenos Aires : _bLumen, _c2004. |
||
| 300 |
_a62, [8] p. : _bláms. |
||
| 440 | 0 |
_aCuerpo, arte y salud. _pRoja |
|
| 650 | 4 |
_aDANZA COMO TERAPIA _94169 |
|
| 905 | _aLibro | ||
| 999 |
_c116829 _d116829 |
||